000 00568nam a2200205Ia 4500
003 OSt
005 20140324130626.0
008 140130s9999 xx 000 0 und d
020 _a0439564212
050 _aREF 590
_bP119 2003
100 _aPackard, Marry
245 _cMarry Packard
_aWorld's weirdest critters /
260 _bScholastic,
_cc2003.
_aNew York :
300 _a87 p. :
_bill. (some col.) ;
_c20 cm.
440 _v1
650 _aAnimals
_vJuvenile literature.
_vMiscellanea
650 _aAnimals
_vMiscellanea.
942 _cBK
_2lcc
999 _c41995
_d41995